书目信息 |
| 题名: |
糖化学
|
|
| 作者: | 蔡孟深 , 李中军 主编 | |
| 分册: | ||
| 出版信息: | 北京 化学工业出版社 2008 |
|
| 页数: | 440页 | |
| 开本: | 27cm | |
| 丛书名: | ||
| 单 册: | ||
| 中图分类: | Q53 | |
| 科图分类: | ||
| 主题词: | 糖--生物化学 , 糖 , 生物化学 | |
| 电子资源: | ||
| ISBN: | 978-7-5025-9294-3 | |
| 000 | 01268nam0 2200289 45 | |
| 001 | 1050841406 | |
| 005 | 20100420092639.70 | |
| 010 | @a978-7-5025-9294-3@dCNY69.00 | |
| 100 | @a20100409d2008 em y0chiy0110 ea | |
| 101 | 0 | @achi |
| 102 | @aCN@b110000 | |
| 105 | @ay z 000yy | |
| 106 | @ar | |
| 200 | 1 | @a糖化学@ATang Hua Xue@e基础、反应、合成、分离及结构@EJi Chu、 Fan Ying、 He Cheng、 Fen Li Ji Jie Gou@f蔡孟深,李中军主编@FCai Meng Shen, Li Zhong Jun Zhu Bian |
| 210 | @a北京@c化学工业出版社@d2008 | |
| 215 | @a440页@d27cm | |
| 312 | @a封面英文题名:Carbohydrate chemistry: fundamentals, reactions, synthesis, isolation and structures | |
| 330 | @a本书内容包括:糖化学的基础知识、糖类化合物的合成、分离与结构解析,以及糖化学在药物和酶方面的应用、糖生物化学及最新研究进展。重点介绍了糖化学合成中的保护基化学、糖的化学反应、寡糖的固相合成与组合合成及其合成策略、糖物质的分离纯化与结构鉴定。 | |
| 510 | 1 | @aCarbohydrate chemistry@efundamentals, reactions, synthesis, isolation and structures@zeng |
| 606 | 0 | @a糖@x生物化学 |
| 606 | 0 | @a糖 |
| 606 | 0 | @a生物化学 |
| 690 | @aQ53@v4 | |
| 701 | 0 | @a蔡孟深@ACai Meng Shen@4主编 |
| 701 | 0 | @a李中军@ALi Zhong Jun@f(1964~)@4主编 |
| 801 | 0 | @aCN@bTANGWEI@c20100420 |
| 905 | @b0590997-1001@dQ53@e173@f5 | |
| 糖化学:基础、反应、合成、分离及结构/蔡孟深,李中军主编.-北京:化学工业出版社,2008 |
| 440页;27cm |
| ISBN 978-7-5025-9294-3:CNY69.00 |
| 本书内容包括:糖化学的基础知识、糖类化合物的合成、分离与结构解析,以及糖化学在药物和酶方面的应用、糖生物化学及最新研究进展。重点介绍了糖化学合成中的保护基化学、糖的化学反应、寡糖的固相合成与组合合成及其合成策略、糖物质的分离纯化与结构鉴定。 |
| ● |
| 相关链接 |
|
|
|
|
正题名:糖化学
索取号:Q53/173
 
预约/预借
| 序号 | 登录号 | 条形码 | 馆藏地/架位号 | 状态 | 备注 |
| 1 | 0590997 | 205909971 | 第二样本阅览室/ [索取号:Q53/173] | 在馆 | |
| 2 | 0590998 | 205909980 | 第三借阅区/ [索取号:Q53/173] | 在馆 | |
| 3 | 0590999 | 205909999 | 密集书库-生命科学系/ [索取号:Q53/173] | 在馆 | |
| 4 | 0591000 | 205910004 | 第三借阅区/ [索取号:Q53/173] | 在馆 | |
| 5 | 0591001 | 205910013 | 第三借阅区/ [索取号:Q53/173] | 在馆 |